| 000 | 00507cam a2200205ua 4500 | ||
|---|---|---|---|
| 001 | 8203 | ||
| 005 | 20260515114314.0 | ||
| 008 | 150110n ii |||gr||||Z||||||hin | ||
| 040 | _cMAIN | ||
| 041 | _ahin | ||
| 082 | _a491.43 | ||
| 100 |
_aKuber, D. P., _eAuthor. |
||
| 245 |
_aHindi bhasa lipi ka itihas _cBy Devi Prasad Kuber |
||
| 250 | _a1st. | ||
| 260 |
_aVaranasi: _bSanjay, _c1988. |
||
| 300 | _a164p. | ||
| 653 | _aEast Indo-European & Celtic languages | ||
| 653 | _aHindi language | ||
| 942 | _cBK | ||
| 999 |
_c7313 _d7313 |
||